Statistics for Simple Spanish Sentences Sprint

Click here to take the quiz!

General Stats

  • This quiz has been taken 21 times
  • The average score is 2 of 6

Answer Stats

English Spanish % Correct
I drink waterBebo Agua
89%
I like to readMe gusta leer
67%
Spain, United Kingdom and FranceEspaña, Reino Unido y Francia
56%
You eat breadTú comes pan
17%
Nine lemurs leapingNueve lémures saltando
11%
Seven People DanceSiete personas bailan
6%

Score Distribution

Percentile by Number Answered

Percent of People with Each Score

Your Score History

You have not taken this quiz